<?xml version="1.0" encoding="UTF-8"?>
<collection xmlns="http://www.loc.gov/MARC21/slim">
 <record>
  <leader>02126nam a2200325   4500</leader>
  <controlfield tag="001">DLU120132066</controlfield>
  <controlfield tag="005">##20120227</controlfield>
  <datafield tag="040" ind1="#" ind2="#">
   <subfield code="a">DLU</subfield>
   <subfield code="b">vie</subfield>
  </datafield>
  <datafield tag="041" ind1="#" ind2="#">
   <subfield code="a">vie</subfield>
  </datafield>
  <datafield tag="044" ind1="#" ind2="#">
   <subfield code="a">vn</subfield>
  </datafield>
  <datafield tag="082" ind1="#" ind2="#">
   <subfield code="a">324.23</subfield>
   <subfield code="b">DO-T</subfield>
  </datafield>
  <datafield tag="100" ind1="#" ind2="#">
   <subfield code="a">Đỗ Khánh Tặng,</subfield>
   <subfield code="c">TS.</subfield>
  </datafield>
  <datafield tag="245" ind1="#" ind2="#">
   <subfield code="a">Một số vấn đề văn hoá dưới góc độ công tác tư tưởng /</subfield>
   <subfield code="c">Đỗ Khánh Tặng.</subfield>
  </datafield>
  <datafield tag="260" ind1="#" ind2="#">
   <subfield code="a">H. :</subfield>
   <subfield code="b">Chính trị Quốc gia,</subfield>
   <subfield code="c">2008.</subfield>
  </datafield>
  <datafield tag="300" ind1="#" ind2="#">
   <subfield code="a">175 tr. ;</subfield>
   <subfield code="c">19 cm.</subfield>
  </datafield>
  <datafield tag="505" ind1="#" ind2="#">
   <subfield code="a">Thắng lợi của đường lối đổi mới theo định hướng xã hội chủ nghĩa -- Định hướng sáng tạo văn hoá - nghệ thuật theo Nghị quyết Đại hội X của Đảng -- Văn hoá - văn nghệ với cuộc vận động học tập và làm theo tấm gương đạo đức Hồ Chí Minh.</subfield>
  </datafield>
  <datafield tag="505" ind1="#" ind2="#">
   <subfield code="a">Tiếp cận các giá trị văn hoá từ góc độ công tác tư tưởng -- Đề cương về văn hoá Việt Nam (1943) - nền tảng vững chắc trong đường lối văn hoá của Đảng -- Đồng chí Trường Chinh - biểu tượng cao đẹp về văn hoá chính trị -- Làm cho các giá trị văn hoá thấm sâu vào toàn bộ đời sống xã hội -- Mấy vấn đề lý luận về triết lý giáo dục -- Tư tưởng nhân văn trong phát triển bền vững -- Văn hoá Đảng và những tiêu chí tổng hợp -- Về thực trạng văn hoá Đảng và một số vấn đề đặt ra -- Chủ động và sáng tạo trong quản lý văn hoá ở địa phương -- Vận dụng tư tưởng Hồ Chí Minh trong xây dựng văn hoá lãnh đạo và văn hoá quản lý -- Văn hoá chính trị và dư luận xã hội tích cực -- Bước đầu nghiên cứu văn hoá doanh nhân Việt Nam</subfield>
  </datafield>
  <datafield tag="650" ind1="#" ind2="#">
   <subfield code="a">Tư tưởng</subfield>
   <subfield code="x">Khía cạnh chính trị</subfield>
   <subfield code="z">Việt Nam.</subfield>
  </datafield>
  <datafield tag="650" ind1="#" ind2="#">
   <subfield code="a">Văn hoá chính trị</subfield>
   <subfield code="z">Việt Nam.</subfield>
  </datafield>
  <datafield tag="923" ind1="#" ind2="#">
   <subfield code="a">18/2011</subfield>
  </datafield>
  <datafield tag="991" ind1="#" ind2="#">
   <subfield code="a">SH</subfield>
  </datafield>
  <datafield tag="992" ind1="#" ind2="#">
   <subfield code="a">22000</subfield>
  </datafield>
  <datafield tag="994" ind1="#" ind2="#">
   <subfield code="a">DLU</subfield>
  </datafield>
  <datafield tag="900" ind1="#" ind2="#">
   <subfield code="a">True</subfield>
  </datafield>
  <datafield tag="911" ind1="#" ind2="#">
   <subfield code="a">Nguyễn Thanh Hương</subfield>
  </datafield>
  <datafield tag="925" ind1="#" ind2="#">
   <subfield code="a">G</subfield>
  </datafield>
  <datafield tag="926" ind1="#" ind2="#">
   <subfield code="a">A</subfield>
  </datafield>
  <datafield tag="927" ind1="#" ind2="#">
   <subfield code="a">SH</subfield>
  </datafield>
  <datafield tag="980" ind1="#" ind2="#">
   <subfield code="a">Thư viện Trường Đại học Đà Lạt</subfield>
  </datafield>
 </record>
</collection>
